LEADER 01376nam0 2200337 450 001 000020988 005 20080319105942.0 010 $a88-541-0628-3 100 $a20080222d2006----km-y0itaa50------ba 101 0 $aita 102 $aIT 200 1 $aStorie e luoghi segreti di Roma$eun affascinante percorso attraverso i miti, i ricordi, i misteri d'una città dove chiese, piazze, strade hanno una storia leggendaria e fantastica che la memoria collettiva deve tramandare$fCecilia Gatto Trocchi 210 $aRoma$cNewton & Compton$dc2006 215 $a265 p.$cill.$d23 cm. 225 2 $aTradizioni italiane$v50 410 1$12001$aTradizioni italiane$v50 606 $aLetteratura popolare$yRoma 676 $a398.2$v(21. ed.)$9Folclore. Letteratura popolare 700 1$aGatto Trocchi,$bCecilia$0126143 801 0$aIT$bUniversità della Basilicata - B.I.A.$gRICA$2unimarc 912 $a000020988 996 $aStorie e luoghi segreti di Roma$985519 997 $aUNIBAS BAS $aLETTERE CAT $aSTD060$b01$c20080222$lBAS01$h1132 CAT $aSTD060$b01$c20080304$lBAS01$h1524 CAT $aMDL$b30$c20080318$lBAS01$h1257 CAT $aMDL$b30$c20080318$lBAS01$h1258 CAT $aMDL$b30$c20080319$lBAS01$h1059 FMT Z30 -1$lBAS01$LBAS01$mBOOK$1BASA4$APolo di Matera$2DID$BDidattica$3MSR-401-154$6106598$5L106598$820080222$f98$FConsultazione LEADER 01887nam0 2200385 i 450 001 IEI0076970 005 20231121125506.0 100 $a20090427d1975 ||||0itac50 ba 101 | $aita$ceng 102 $ait 181 1$6z01$ai $bxxxe 182 1$6z01$an 200 1 $a˜La œnazionalizzazione delle masse$esimbolismo politico e movimenti di massa in Germania dalle guerre napoleoniche al Terzo Reich$fGeorge L. Mosse 210 $aBologna$cIl mulino$dc1975 215 $aXIX, 253 p., [8] c. di tav$cill. $d22 cm. 225 | $aNuova collana storica$v50 410 0$1001CFI0108181$12001 $aNuova collana storica$v50 500 10$a˜The œnationalization of the masses.$3CFI0022034$9CFIV003043$916543 606 $aGermania$xStoria$2FIR$3RMLC361446$9I 606 $aNazionalismo$xPropaganda$xAspetti sociali$xGermania$2FIR$3RMLC417536$9I 676 $a303.3$9Coordinamento e controllo sociale.$v21 700 1$aMosse$b, George L.$3CFIV003043$4070$0123071 790 1$aMosse$b, George Lachmann$3MILV184333$zMosse, George L. 801 3$aIT$bIT-01$c20090427 850 $aIT-RM028 $aIT-RM0289 $aIT-RM0542 $aIT-RM0314 $aIT-FR0017 899 $aBiblioteca Universitaria Alessandrina$bRM028 899 $aBiblioteca Statale A. Baldini$bRM0289 899 $aBIBLIOTECA DEL MINISTERO DEGLI AFFARI ESTERI$bRM0542 899 $aBiblioteca delle Infrastrutture e della mobilità sostenibili$bRM0314 899 $aBiblioteca umanistica Giorgio Aprea$bFR0017 912 $aIEI0076970 950 0$aBiblioteca umanistica Giorgio Aprea$d 52CIS 11/1329$e 52VM 0000719335 VM barcode:00063209. - Inventario:5410 MAGVM$fA $h20071206$i20121204 977 $a 01$a 04$a 09$a 31$a 52 996 $aNationalization of the masses$916543 997 $aUNICAS